चलें उजाले की ओरः (Record no. 52209)

MARC details
000 -LEADER
fixed length control field 01335nam a22002657a 4500
005 - DATE AND TIME OF LATEST TRANSACTION
control field 20080918163843.0
008 - FIXED-LENGTH DATA ELEMENTS--GENERAL INFORMATION
fixed length control field 080918t xxu||||| |||| 00| 0 hin d
010 ## - LCCN (DPL NO)
LC control number HIN-92627
020 ## - INTERNATIONAL STANDARD BOOK NUMBER
International Standard Book Number 9788190813600
Terms of availability 100.00
035 ## - SYSTEM CONTROL NUMBER
System control number HN-64973
037 ## - SOURCE OF ACQUISITION
Source of stock number/acquisition DBAD / PUB
040 ## - CATALOGING SOURCE
Original cataloging agency DPL
Language of cataloging HN
082 ## - DEWEY DECIMAL CLASSIFICATION NUMBER
Classification number 821
100 ## - MAIN ENTRY--PERSONAL NAME
Personal name यादव, पदम सिंह 'पद्म'
9 (RLIN) 747
245 ## - TITLE STATEMENT
Title चलें उजाले की ओरः
Statement of responsibility, etc पदम सिंह यादव 'पद्म'
Remainder of title गीत संग्रह /
260 ## - PUBLICATION, DISTRIBUTION, ETC. (IMPRINT)
Place of publication, distribution, etc इलाहाबाद
Name of publisher, distributor, etc जागृति प्रकाशन
Date of publication, distribution, etc 2010
270 ## - ADDRESS
Address 99-ए, झूलेलाल नगर
City इलाहाबाद
300 ## - PHYSICAL DESCRIPTION
Extent 56पृ.
Dimensions 22सेमी (सजिल्द)
650 ## - SUBJECT ADDED ENTRY--TOPICAL TERM
Topical term or geographic name as entry element हिन्दी कविता
9 (RLIN) 697
650 ## - SUBJECT ADDED ENTRY--TOPICAL TERM
Topical term or geographic name as entry element Hindi Poetry
9 (RLIN) 698
942 ## - ADDED ENTRY ELEMENTS (KOHA)
Source of classification or shelving scheme Dewey Decimal Classification
Item type Hindi Books
Call number suffix यादव
Classification part 821
Holdings
Withdrawn status Lost status Source of classification or shelving scheme Damaged status Not for loan Collection code Home library Current library Date acquired Source of acquisition Cost, normal purchase price Total Checkouts Full call number Barcode Date last seen Copy number Cost, replacement price Koha item type
    Dewey Decimal Classification   Not For Loan Non-fiction D.B.Act.Division D.B.Act.Division 09/05/2011 DBAD /PUB 100.00   821 यादव HN-64973 09/05/2011 1 100.00 Hindi Books

© Delhi Public Library
Hit Counter
free hit counter